Xây dựng nhóm làm việc = Team building /

Gespeichert in:
Bibliographische Detailangaben
1. Verfasser: Maddux, Robert B
Format: Buch
Sprache:Vietnamese
Veröffentlicht: TH.HCM 2008
Tags: Tag hinzufügen
Keine Tags, Fügen Sie den ersten Tag hinzu!
Thư viện lưu trữ: Mạng thư viện Đại học Đà Nẵng
LEADER 00666nam a2200265 4500
001 000027782
003 MA-RK
005 20150403120000.0
008 150403s vm 000 vie
020 |c 0,0000 
040 |a notts 
100 |a Maddux, Robert B 
245 |a Xây dựng nhóm làm việc = Team building /  |c Robert B. Maddux ; biên dịch: Bích Nga, Lan Nguyên. 
260 |b TH.HCM  |c 2008 
OWN |a LTT 
999 |a From the UDN01 
TYP |a Monograph 
TYP |a Printed language 
980 |a Mạng thư viện Đại học Đà Nẵng